000 01115nam a2200229Ia 4500
003 Ost
005 20260507075345.0
008 260507s9999||||xx |||||||||||||| ||und||
020 _a8177337977
040 _cfsecg
041 _aara
082 _a330
100 _aتوفيق، عبد الرحمن
_eمؤلف
245 0 _aالأساليب والطرق الإحصائية لمراقبة الجودة /
_c عبد الرحمن توفيق
260 _aالقاهرة:
_bبميك,
_c2014
300 _a66 صفحة؛
_bإيضاحات ؛
_c24 سم
520 _aأعمال التفتيش والفحص- منحنى خاصية التشغيل- خطط الفحص بالعينات- الخطوات التطبيقية لخطة الفحص بالعينات- الأساليب الإحصائية لمراقبة الجودة- نموذج تسجيل بيان المتوسطات والمدى - حسابات خريطتى المتوسطات والمدى
653 _aالإحصاء - المعاملات الإرتباطية
653 _aالطرق الإحصائية
653 _aجودة الإنتاج
942 _cكتاب
999 _c44109
_d44109